Fast typing - "How Much?" - Statistics

General Stats
  • This quiz has been taken 17 times
  • The average score is 3 of 6
Answer Stats
Hint Answer % Correct
How much do you love me, a million bushels? How much do you love me, a million bushels?
88%
Oh, a lot more than that, Oh, a lot more. Oh, a lot more than that, Oh, a lot more.
75%
And tomorrow maybe only half a bushel? And tomorrow maybe only half a bushel?
63%
Tomorrow maybe not even a half a bushel. Tomorrow maybe not even a half a bushel.
50%
And is this your heart arithmetic? And is this your heart arithmetic?
25%
This is the way the wind measures the weather. This is the way the wind measures the weather.
13%
No matching quizzes found
Score Distribution
Percent of People with Each Score
Percentile by Number Answered
Your Score History
You have not taken this quiz